NLSUI OPAC header image

Politics of Post-Civil Society : (Record no. 207926)

MARC details
000 -LEADER
fixed length control field 01354cam a2200301 a 4500
001 - CONTROL NUMBER
control field 17522075
003 - CONTROL NUMBER IDENTIFIER
control field OSt
005 - DATE AND TIME OF LATEST TRANSACTION
control field 20210325162411.0
008 - FIXED-LENGTH DATA ELEMENTS--GENERAL INFORMATION
fixed length control field 121107s2013 cau b 001 0 eng
010 ## - LIBRARY OF CONGRESS CONTROL NUMBER
LC control number 2012045159
020 ## - INTERNATIONAL STANDARD BOOK NUMBER
International Standard Book Number 9788132110415 (hb)
040 ## - CATALOGING SOURCE
Original cataloging agency DLC
Transcribing agency DLC
Modifying agency DLC
042 ## - AUTHENTICATION CODE
Authentication code pcc
043 ## - GEOGRAPHIC AREA CODE
Geographic area code a-ii---
050 00 - LIBRARY OF CONGRESS CALL NUMBER
Classification number HM881
Item number .G83 2013
082 00 - DEWEY DECIMAL CLASSIFICATION NUMBER
Classification number 303.484 GUD-3
Edition number 23
100 1# - MAIN ENTRY--PERSONAL NAME
Personal name Gudavarthy, Ajay.
245 10 - TITLE STATEMENT
Title Politics of Post-Civil Society :
Remainder of title Contemporary History of Political Movements in India /
Statement of responsibility, etc. Ajay Gudavarthy.
260 ## - PUBLICATION, DISTRIBUTION, ETC.
Place of publication, distribution, etc. Los Angeles :
Name of publisher, distributor, etc. SAGE,
Date of publication, distribution, etc. 2013.
300 ## - PHYSICAL DESCRIPTION
Extent x, 262 p. ;
Dimensions 23 cm.
504 ## - BIBLIOGRAPHY, ETC. NOTE
Bibliography, etc. note Includes bibliographical references (p. [239]-254) and index.
505 0# - FORMATTED CONTENTS NOTE
Formatted contents note Why beyond civil society;<br/>Human rights movements in India : state, civil society and beyond;<br/>Dalit and Naxalite struggles : political identities beyond identity politics;<br/>Feminist politics and legal subjectivity : negotiating transformative dilemmas;<br/>Collectives against pollution and 'political society' : implications of uncivil development;<br/>Towards politics of post-civil society.
650 #0 - SUBJECT ADDED ENTRY--TOPICAL TERM
Topical term or geographic name entry element Social movements
Geographic subdivision India.
650 #0 - SUBJECT ADDED ENTRY--TOPICAL TERM
Topical term or geographic name entry element Civil society
Geographic subdivision India.
906 ## - LOCAL DATA ELEMENT F, LDF (RLIN)
a 7
b cbc
c orignew
d 1
e ecip
f 20
g y-gencatlg
942 ## - ADDED ENTRY ELEMENTS (KOHA)
Source of classification or shelving scheme Dewey Decimal Classification
Koha item type BOOKs
Holdings
Withdrawn status Lost status Source of classification or shelving scheme Materials specified (bound volume or other part) Damaged status Not for loan Home library Current library Shelving location Date acquired Source of acquisition Total Checkouts Total Renewals Full call number Barcode Checked out Date last seen Date last checked out Price effective from Koha item type Public note
    Dewey Decimal Classification HB     . . General Stacks 25.08.2020 Gratis 1 1 303.484 GUD-3 37291 18.05.2026 30.01.2026 30.01.2026 25.03.2021 BOOKs Donated By Vice Chancellors Office